| 000 | 01049nam a2200265 i 4500 | ||
|---|---|---|---|
| 001 | bg | ||
| 003 | BPK | ||
| 005 | 20200707123107.0 | ||
| 008 | 980702s1995 pl |001 0 pol | ||
| 015 | _aPB 1996/3052 | ||
| 020 | _a838570969X | ||
| 040 |
_aWA N _cBPK |
||
| 080 | _a34(37) | ||
| 100 | 1 |
_aBojarski, Władysław _d(1931-2000). |
|
| 245 | 1 | 0 |
_aVerba iuris : _breguły i kazusy prawa rzymskiego / _cWładysław Bojarski, Wojciech Dajczak, Andrzej Sokala. |
| 260 |
_aToruń : _bTNOiK-Towarzystwo Naukowe Organizacji i Kierownictwa. Dom Organizatora, _c1995. |
||
| 300 |
_a210, [3] s. ; _c24 cm. |
||
| 504 | _aIndeksy. | ||
| 650 | 4 | _aPrawo rzymskie. | |
| 700 | 1 |
_aDajczak, Wojciech _d(1962- ) |
|
| 700 | 1 |
_aSokala, Andrzej _d(1955- ). |
|
| 710 | 2 |
_aDom Organizatora w Toruniu (Towarzystwo Naukowe Organizacji i Kierownictwa) _bOddział Toruński "Dom Organizatora". _4pbl. |
|
| 856 |
_uhttp://koha.tu.koszalin.pl/cgi-bin/koha/opac-detail.pl?biblionumber=33619 _yKatalog online BPK |
||
| 942 |
_2UKD _cKS |
||
| 999 |
_c33619 _d33619 |
||